000 00253nam a2200109Ia 4500
082 _a617.41
_bA 60 M
100 _aMITAL,MAMTA
245 _aASTANGA HRIDAYAM PARSHNAVLI
260 _bCHAUKHAMBHA PUB. NEW DELHI
_c2060
300 _a230
942 _2ddc
_cBK
_02
999 _c7702
_d7702